Power system analysis (Record no. 1347)

000 -LEADER
fixed length control field 00590nam a2200229 a 4500
001 - CONTROL NUMBER
control field 1347
003 - CONTROL NUMBER IDENTIFIER
control field BD-DhUET
008 - FIXED-LENGTH DATA ELEMENTS--GENERAL INFORMATION
fixed length control field 931008s1994 nyua 001 0 eng
020 ## - INTERNATIONAL STANDARD BOOK NUMBER
International Standard Book Number 0070585156
020 ## - INTERNATIONAL STANDARD BOOK NUMBER
International Standard Book Number 0071133380
040 ## - CATALOGING SOURCE
Original cataloging agency DLC
Transcribing agency DLC
Modifying agency BD-DhUET
082 00 - DEWEY DECIMAL CLASSIFICATION NUMBER
Classification number 623.19
Item number GRA/1994
100 1# - MAIN ENTRY--PERSONAL NAME
Personal name Grainger, John J.
245 10 - TITLE STATEMENT
Title Power system analysis
250 ## - EDITION STATEMENT
Edition statement 1st ed.
260 ## - PUBLICATION, DISTRIBUTION, ETC. (IMPRINT)
Place of publication, distribution, etc. New York
Name of publisher, distributor, etc. McGraw-Hill
Date of publication, distribution, etc. 1994
300 ## - PHYSICAL DESCRIPTION
Extent xix, 787 p.
Other physical details ill.
504 ## - BIBLIOGRAPHY, ETC. NOTE
Bibliography, etc Includes bibliographies
650 #0 - SUBJECT ADDED ENTRY--TOPICAL TERM
Topical term or geographic name as entry element Electric power systems-Management
700 1# - ADDED ENTRY--PERSONAL NAME
Personal name Stevenson, William D.
942 ## - ADDED ENTRY ELEMENTS (KOHA)
Koha item type General Book
Holdings
Source of classification or shelving scheme Piece designation (barcode) Koha date last borrowed Date acquired Koha out on loan Koha renewals Koha normalized classification for sorting Koha date last seen Lost status Shelving location Withdrawn status Price effective from Koha item type Copy number Not for loan Damaged status Koha issues (times borrowed) Location (home branch) Sublocation or collection (holding branch) Koha full call number
 1039602024-03-042014-09-03  623_000000000000000_19GRA19942024-06-01 Circulation section 2014-09-03General Book1  5Central Library, BUETCentral Library, BUET623.19/GRA/1994
 1039612019-05-062014-09-03  623_000000000000000_19GRA19942020-01-14 Circulation section 2014-09-03General Book2  1Central Library, BUETCentral Library, BUET623.19/GRA/1994
 1039622025-07-132014-09-03 1623_000000000000000_19GRA19942025-11-03 Circulation section 2014-09-03General Book3  3Central Library, BUETCentral Library, BUET623.19/GRA/1994
 1039632019-10-212014-09-03  623_000000000000000_19GRA19942025-04-22 Circulation section 2014-09-03General Book4  1Central Library, BUETCentral Library, BUET623.19/GRA/1994
 1039642023-11-272014-09-032023-12-11 623_000000000000000_19GRA19942023-11-27 Circulation section 2014-09-03General Book5  1Central Library, BUETCentral Library, BUET623.19/GRA/1994
 103965 2014-09-03  623_000000000000000_19GRA19942016-01-26 Circulation section 2014-09-03General Book6   Central Library, BUETCentral Library, BUET623.19/GRA/1994
 1039662021-02-132014-09-03 2623_000000000000000_19GRA19942021-12-13 Circulation section 2014-09-03General Book7  1Central Library, BUETCentral Library, BUET623.19/GRA/1994
 1039672022-02-062014-09-032023-02-06 623_000000000000000_19GRA19942022-02-06 Circulation section 2014-09-03General Book8  2Central Library, BUETCentral Library, BUET623.19/GRA/1994
 1039682025-05-032014-09-032025-05-17 623_000000000000000_19GRA19942025-05-03 Circulation section 2014-09-03General Book9  5Central Library, BUETCentral Library, BUET623.19/GRA/1994
 89529 2015-06-21  623_190000000000000_GRA_19942015-06-21 Reading section 2015-06-21Reading Item10   Central Library, BUETCentral Library, BUET623.19/GRA/1994
 91138 2015-06-21  623_190000000000000_GRA_19942015-06-21 Reading section 2015-06-21Reading Item11   Central Library, BUETCentral Library, BUET623.19/GRA/1994
 90777 2015-07-02  623_190000000000000_GRA_19942015-07-02 Reading section 2015-07-02Reading Item12   Central Library, BUETCentral Library, BUET623.19/GRA/1994